Radioilogical differential diagnosis (Record no. 2117)

MARC details
000 -LEADER
fixed length control field 00697 a2200181 4500
020 ## - INTERNATIONAL STANDARD BOOK NUMBER
International Standard Book Number 8180615006
Terms of availability 475.00
035 ## - SYSTEM CONTROL NUMBER
System control number B-156752
037 ## - SOURCE OF ACQUISITION
Source of stock number/acquisition RP-BLI-341 / PANSY-07-08:3 / RP-07-08:ENG
082 14 - DEWEY DECIMAL CLASSIFICATION NUMBER
Classification number 616.0757
090 ## - LOCALLY ASSIGNED LC-TYPE CALL NUMBER (OCLC); LOCAL CALL NUMBER (OCLC)
-- 2157
-- 2157
100 1# - MAIN ENTRY--PERSONAL NAME
Personal name Bhargava, Satish K.
245 1# - TITLE STATEMENT
Title Radioilogical differential diagnosis
Statement of responsibility, etc by Satish K. Bhargava
260 ## - PUBLICATION, DISTRIBUTION, ETC. (IMPRINT)
Place of publication, distribution, etc New Delhi
Name of publisher, distributor, etc Jaypee Brothers Medical Publishers
Date of publication, distribution, etc 2005
270 ## - ADDRESS
Address EMCA House, 23/23B, Ansari Raod, Daryaganj
City New Delhi
State or province Delhi
Postal code 110002
Telephone number 23272143
Fax number 23276490
300 ## - PHYSICAL DESCRIPTION
Extent xxxvi, 1113 p
Other physical details ill
Dimensions 18 cm (pbk)
942 ## - ADDED ENTRY ELEMENTS (KOHA)
Institution code [OBSOLETE] dpl
Koha item type English Books
Call number prefix 616.0757 / BHA
Holdings
Withdrawn status Lost status Source of classification or shelving scheme Damaged status Not for loan Collection code Home library Current library Cost, normal purchase price Total Checkouts Full call number Barcode Date last seen Copy number Uniform Resource Identifier Cost, replacement price Price effective from Koha item type
    Dewey Decimal Classification     Non-fiction Patel Nagar Patel Nagar 475.00   616.0757 B-156752 15/09/2008 1 2246 475.00 15/09/2008 English Books

© Delhi Public Library
Hit Counter
free hit counter